| 000 | 01073nam a2200241Ia 4500 | ||
|---|---|---|---|
| 003 | Ost | ||
| 005 | 20260507075118.0 | ||
| 008 | 260507s9999||||xx |||||||||||||| ||und|| | ||
| 020 | _a4463217977 | ||
| 040 | _cfsecg | ||
| 041 | _aara | ||
| 082 | _a346.043 | ||
| 100 |
_aعبد الدايم، حسني محمود _eمؤلف |
||
| 245 | 0 |
_aالإئتمان العقاري بين الشريعة الإسلامية والقانون المدني : _bدراسة مقارنة / _c حسني محمود عبد الدايم |
|
| 260 |
_aالإسكندرية: _bدار الفكر الجامعي, _c2007 |
||
| 300 |
_a433 صفحة؛ _bإيضاحات ؛ _c26 سم |
||
| 504 | _aالمراجع ص.411 | ||
| 520 | _aالرهن الرسمي وحكمه ودليله وحكمة مشروعيته- قواعد انشاء الرهن الرسمي- آثارة- انقضاء الرهن الرسمي | ||
| 653 | _aالإئتمان- الفقه الإسلامي | ||
| 653 | _aالإئتمان- القانون الوضعي | ||
| 653 | _aالعقارات- الإئتمان | ||
| 942 | _cكتاب | ||
| 999 |
_c43047 _d43047 |
||